000 00214 a2200097 4500
001 19556
100 _aBhutto Z A
245 _aReshaping foreign policy (Vol-I)
260 _a
_bFerozsons
_c
090 _c14279
_d14279
942 _aNUST-CAE
_cM
_c4757
999 _c254629
_d254629